Information theory in computer vision and pattern recognition / (Record no. 194367)

MARC details
000 -LEADER
fixed length control field 00829nam a2200253Ia 4500
003 - CONTROL NUMBER IDENTIFIER
control field OSt
005 - DATE AND TIME OF LATEST TRANSACTION
control field 20260105152638.0
008 - FIXED-LENGTH DATA ELEMENTS--GENERAL INFORMATION
fixed length control field 210716s2012 xx 000 0 und d
020 ## - INTERNATIONAL STANDARD BOOK NUMBER
International Standard Book Number 9788132204466
040 ## - CATALOGING SOURCE
Transcribing agency AIMIT LIBRARY
041 ## - LANGUAGE CODE
Language code of text/sound track or separate title eng
082 ## - DEWEY DECIMAL CLASSIFICATION NUMBER
Classification number 006.4
Edition number 1
Item number ESCF
100 ## - MAIN ENTRY--PERSONAL NAME
Personal name Escolano, Francisco.
9 (RLIN) 250159
245 ## - TITLE STATEMENT
Title Information theory in computer vision and pattern recognition /
Statement of responsibility, etc. Foreword by Alan Yuille.
250 ## - EDITION STATEMENT
Edition statement 1st ed.
260 ## - PUBLICATION, DISTRIBUTION, ETC.
Place of publication, distribution, etc. New Delhi :
Name of publisher, distributor, etc. Springer ,
Date of publication, distribution, etc. 2012.
300 ## - PHYSICAL DESCRIPTION
Extent xvii,355p. ;
Other physical details PB
Dimensions 24.3 cm
650 ## - SUBJECT ADDED ENTRY--TOPICAL TERM
Topical term or geographic name entry element Interest Points edges and contour grouping
9 (RLIN) 250160
650 ## - SUBJECT ADDED ENTRY--TOPICAL TERM
Topical term or geographic name entry element Registration matching and recognition
9 (RLIN) 250161
650 ## - SUBJECT ADDED ENTRY--TOPICAL TERM
Topical term or geographic name entry element Image and pattern clustering
9 (RLIN) 250162
700 ## - ADDED ENTRY--PERSONAL NAME
Personal name Suau, Pablo.
9 (RLIN) 250163
700 ## - ADDED ENTRY--PERSONAL NAME
Personal name Bonev, Boyan.
9 (RLIN) 250164
942 ## - ADDED ENTRY ELEMENTS (KOHA)
Source of classification or shelving scheme Dewey Decimal Classification
Koha item type Book
Edition 1st
Call number prefix 006.4 ESCF
Holdings
Withdrawn status Lost status Source of classification or shelving scheme Damaged status Not for loan Collection code Home library Current library Source of acquisition Cost, normal purchase price Inventory number Total Checkouts Full call number Barcode Date last seen Cost, replacement price Price effective from Koha item type
    Dewey Decimal Classification     MCA St Aloysius Institute of Management & Information Technology St Aloysius Institute of Management & Information Technology Knowledge World 459.00 Bill no:432; Bill dt:2015-03-03   006.4 ESCF MCA13875 05/23/2026 344.25 07/16/2021 Book